| 000 | 01840nam a22002657a 4500 | ||
|---|---|---|---|
| 999 |
_c328726 _d328726 |
||
| 001 | 42595 | ||
| 003 | UA-OsUOA | ||
| 005 | 20230504161235.0 | ||
| 007 | ta | ||
| 008 | 20061113b un ||||| |||| 00| 0 ukr d | ||
| 020 | _a966-574-737-1 | ||
| 040 |
_aUA-OsUOA _bukr _cUA-OsUOA _dUA-OsUOA |
||
| 041 | _aukr | ||
| 080 | _a347.73(075.8) | ||
| 090 |
_a347.73(075.8) _bЛ38 |
||
| 100 | _aЛегкова М. Ф. | ||
| 245 |
_aФінансове право _bнавчально-методичний посібник для самостійного вивчення дисципліни |
||
| 260 |
_aДніпропетровськ _bКНЕУ _c2006 |
||
| 300 | _a119 с. | ||
| 520 | _aВивчення курсу «Фінансове право» має велике значення для майбутніх фахівців із фінансової справи. Адже під час своєї практичної діяльності за обраним фахом їм необхідно кожну свою дію звіряти із законами та підзаконними актами. Незнання чи поверхове знання правових аспектів питань, які потрібно буде вирішувати, може завдати великих збитків тим установам, організаціям,підприємствам, де вони працюватимуть, а, ймовірно, державі загалом. Тому студент має чітко усвідомити важливість цього курсу для свого майбутнього. | ||
| 650 | 7 |
_a347 Цивільне право. Судовий устрій _2UDC |
|
| 942 |
_cBK _2udc |
||
| 955 | _a2 | ||